000 00611nam a2200205Ii 4500
003 JO-AjNU
008 230606s9999||||xx |||||||||||||| ||und||
017 _a2001/6/1139
040 _aJO-AjNU
_beng
_erda
_cJO-AjNU
041 _aeng
050 1 4 _aGF28.J67.I46 2001
100 3 _aAl Shannag, Quasim and Schreier, Helmut,
_eauthor
_93671
245 0 0 _aImproving Environmental Literacy in teacher Education
264 3 1 _aAmman: Auther, 2001
300 _a172p
336 _atext
_btxt
_2rdacontent
337 _aunmediated
_bn
_2rdamedia
338 _avolume
_bnc
_2rdacarrier
650 4 _aEnvironmental
_93672
999 _aE1914
_c1914
_d1914